| 000 | 01289cam a2200145 4500500 | ||
|---|---|---|---|
| 005 | 20260329023218.0 | ||
| 041 | _afre | ||
| 042 | _adc | ||
| 100 | 1 | 0 |
_aCoviaux, Stéphane _eauthor |
| 700 | 1 | 0 |
_aTelliez, Romain _eauthor |
| 245 | 0 | 0 | _aLe Moyen Âge en Occident : Ve-XVe siècle |
| 260 |
_bArmand Colin,
_c2019. |
||
| 520 | _aPanorama synthétique de l’histoire du Moyen Âge occidental, du temps des « invasions barbares » à celui de la construction des États, cet ouvrage propose l’essentiel des connaissances relatives à l’histoire politique, économique et sociale, religieuse, culturelle et artistique de l’Europe entre la fin du Ve siècle et celle du XVe siècle. Il y associe un ensemble de courtes biographies, la présentation d’un certain nombre de grands événements de la période ainsi qu’un large ensemble de textes et de documents iconographiques analysés. Plans de dissertation, chronologie, glossaire, cartes commentées, sources livresques et informatiques offrent des ressources pédagogiques et des repères précieux, permettant aux étudiants de licence de se familiariser avec l’histoire de la période médiévale. | ||
| 856 | 4 | 1 | _uhttps://shs.cairn.info/le-moyen-age-en-occident--9782200624613?lang=fr&redirect-ssocas=7080 |
| 999 |
_c1925529 _d1925529 |
||